书目信息 |
| 题名: |
近代肚兜掠影
|
|
| 作者: | 季晓芬 著 | |
| 分册: | ||
| 出版信息: | 北京 中国纺织出版社有限公司 2020 |
|
| 页数: | 200页 | |
| 开本: | 26cm | |
| 丛书名: | ||
| 单 册: | ||
| 中图分类: | TS941.713-092 , TS941.713 | |
| 科图分类: | ||
| 主题词: | 内衣--服饰文化--文化史--中国--图集 | |
| 电子资源: | ||
| ISBN: | 978-7-5180-7227-9 | |
| 000 | 00747nam0 2200229 450 | |
| 001 | 2373456975 | |
| 005 | 20230925202433.10 | |
| 010 | @a978-7-5180-7227-9@dCNY88.00 | |
| 100 | @a20200622d2020 em y0chiy50 ea | |
| 101 | 0 | @achi |
| 102 | @aCN@b110000 | |
| 105 | @aa z 000yy | |
| 200 | 1 | @a近代肚兜掠影@Ajin dai du dou lue ying@f季晓芬著 |
| 210 | @a北京@c中国纺织出版社有限公司@d2020 | |
| 215 | @a200页@d26cm | |
| 330 | @a本书以图册的形式,介绍近代女性及儿童肚兜,以掠影式手法呈现给读者,让大众了解肚兜之美,感受中国传统内衣文化。 | |
| 606 | 0 | @a内衣@x服饰文化@x文化史@y中国@j图集 |
| 690 | @aTS941.713-092@v5 | |
| 690 | @aTS941.713@v4 | |
| 701 | 0 | @a季晓芬@Aji xiao fen@4著 |
| 801 | 0 | @aCN@b安徽时代@c20230923 |
| 905 | @aBZT@dTS941.713@e5 | |
| 近代肚兜掠影/季晓芬著.-北京:中国纺织出版社有限公司,2020 |
| 200页;26cm |
| ISBN 978-7-5180-7227-9:CNY88.00 |
| 本书以图册的形式,介绍近代女性及儿童肚兜,以掠影式手法呈现给读者,让大众了解肚兜之美,感受中国传统内衣文化。 |
| ● |
| 相关链接 |
|
|
|
正题名:近代肚兜掠影
索取号:TS941.713/5
 
预约/预借
| 序号 | 登录号 | 条形码 | 馆藏地/架位号 | 状态 | 备注 |
| 1 | 2000935159 | 2000935159 | 第四书库/四28架A面5层1列/ [索取号:TS941.713/5] | 在馆 | |
| 2 | 2000935160 | 2000935160 | 第四书库/四28架A面5层1列/ [索取号:TS941.713/5] | 在馆 | |
| 3 | 2000935161 | 2000935161 | 第四书库/四28架A面5层1列/ [索取号:TS941.713/5] | 在馆 | |
| 4 | 2000935162 | 2000935162 | 第四书库/四28架A面5层1列/ [索取号:TS941.713/5] | 在馆 | |
| 5 | 2000935163 | 2000935163 | 第四书库/四28架A面5层1列/ [索取号:TS941.713/5] | 在馆 | |
| 6 | 2000935164 | 2000935164 | 第四书库/四28架A面5层1列/ [索取号:TS941.713/5] | 在馆 |